| 000 | 00362nam a22001457a 4500 | ||
|---|---|---|---|
| 999 |
_c7690 _d7690 |
||
| 003 | GBCCL | ||
| 005 | 20241126110634.0 | ||
| 008 | 180911b ||||| |||| 00| 0 eng d | ||
| 040 | _cgbc | ||
| 082 |
_aSOU ZAW _b2012 |
||
| 245 |
_aZawlpi: _bKangkap gospel centenary souvenir 1912-2012 |
||
| 260 |
_c2012. _aKangkap _bKGCCC, |
||
| 300 | _a277p. ; | ||
| 942 |
_2ddc _cARCH |
||